00397 a2200145 4500003000500000005001700005040000900022082001000031100003000041245010800071260001400179300001300193538002900206650001600235Nust20170207154603.0 cNust a005.1 aKhalid, Saifullah MSCS-17 aLoad Balanced Routing for Lifetime Maximization in Mobile Wireless Sensor NetworkscNC Saifullah Khalid aMCSc2013 avii,55 p aAlmirah No 72 Shelf No 5 aMSCS Thesis